| 000 | 00701nam a2200229 a 4500 | ||
|---|---|---|---|
| 005 | 20240925065458.0 | ||
| 008 | 010827s1994 r 000 0 eng d | ||
| 020 | _a8427709455 | ||
| 035 | _aUPN01000110519 | ||
| 049 | _aCG | ||
| 050 | 4 |
_aLC191 _bP4.3 1994 |
|
| 100 | 1 | _aPérez-Campanero, María Paz | |
| 245 | 1 | 0 |
_aCómo detectar las necesidades de intervención socioeducativa / _cMa. Paz Pérez-Campanero. |
| 250 | _a2a ed. | ||
| 260 |
_aMadrid : _bNarcea, _c1994. |
||
| 300 |
_a174 p. : _bil. |
||
| 440 | 0 | _aNarcea sociocultural | |
| 590 | _aBibliografía básica (BGTQ) | ||
| 650 | 4 |
_aSociología de la educación _94896 |
|
| 650 | 4 |
_aEducación _xAspectos sociales _95311 |
|
| 905 | _aLibro | ||
| 999 |
_c84428 _d84428 |
||